Statistics for Државе у Првом светском рату

Click here to take the quiz!

General Stats

  • This quiz has been taken 287 times
  • The average score is 14 of 21

Answer Stats

Број умрлихДржава% Correct
450.000Србија
98%
2.037.000Немачка
97%
2.254.369Русија
95%
1.397.800Француска
93%
960.036Уједињено Краљевство
90%
651.000Италија
85%
1.494.200Аустроугарска
84%
87.500Бугарска
81%
771.844Османско царство
81%
116.708Сједињене Државе
78%
26.000Грчка
78%
335.706Румунија
73%
13.325Црна Гора
72%
4.661Јапан
69%
58.637Белгија
56%
64.997Канада
41%
7.222Португалија
41%
62.081Аустралија
28%
18.053Нови Зеланд
16%
9.592Јужна Африка
6%
1.570Њуфаундленд
3%

Score Distribution

Percentile by Number Answered

Percent of People with Each Score

Your Score History

You have not taken this quiz